| 000 | 00859nam a2200265 i 4500 | ||
|---|---|---|---|
| 001 | 14661 | ||
| 003 | ES-MaACL | ||
| 005 | 20240526062936.0 | ||
| 007 | t| | ||
| 008 | 990521s1998 sp ||||1| spa d | ||
| 020 | _a84-95144-07-7 | ||
| 080 | _a821.134.2-23"19" | ||
| 100 | 0 |
_aRiosalido, Jesús, _d1937- _997407 |
|
| 245 | 1 | 4 |
_aLas damas de Santiago / _cde Jesús Riosalido. |
| 260 |
_aMadrid : _bJ. García Verdugo, _c[1998] |
||
| 300 |
_a190 p. ; _c22 cm. |
||
| 490 | 1 |
_aLa avispa ; _v60 |
|
| 505 | 8 | _aContiene : Wallada o Los poetas, Teresa o El laberinto, Lina o Las vicetiples | |
| 740 | 0 | _aWallada o Los poetas. | |
| 740 | 0 | _aTeresa o El laberinto. | |
| 740 | 0 | _aLina o Las vicetiples. | |
| 830 | 0 |
_aLa avispa ; _v60 _9179650 |
|
| 852 |
_aES-MaACL _jL-21940 _bR.127030 _q. - Ded. autógr. del autor |
||
| 999 |
_c14661 _d14661 |
||